01334nam a2200421 i 450000100060000000300090000600500170001500800410003201500170007302000150009002000180010504000280012304100080015104400080015904600090016708000110017608000120018724500890019926000480028830000260033633600270036233700540038933800280044338000160047138800140048738800140050149000140051550400470052965000140057665000160059065500300060665800340063670000370067070000250070783000400073285600980077285600420087054738KOSZ 00520221124093529.0070220s2006 pl f f |001 0 pol  aPB 5781/2007 a8301148209 a9788301148201 cWA NaWA NdKOSZ 005/HR apol aPOL k2006 a338.48 a(075.8)00aObsługa ruchu turystycznego /cred. nauk. Beata Meyer ; [aut. Anna Dołowy et al.]. aWarszawa :bWydawnictwo Naukowe PWN,c2006. a246, [1] s. ;c24 cm. 2rdacontentaTekstbtxt 2rdamediaaBez urządzenia pośredniczącegobn 2rdacarrieraWoluminbnc aKsiążki a1901-2000 a1989-20001 aTurystyka aBibliogr. s. 234-236 i przy rozdz. Indeks. 7aTurystyka 7aOrganizacja aPodręczniki akademickie aGospodarka, ekonomia, finanse1 aMeyer, Beatad(1963- )eRedakcja1 aDołowy, AnnaeAutor 0aTurystyka - Wydawnictwo Naukowe PWN uhttp://koha.tu.koszalin.pl/cgi-bin/koha/opac-detail.pl?biblionumber=54738yKatalog online BPK uhttp://libra.ibuk.pl/reader/396yIBUK